| 000 | 01840cam a2200445Li 4500 | ||
|---|---|---|---|
| 001 | ocn470586305 | ||
| 003 | TZ-ArACH | ||
| 005 | 20130709100937.0 | ||
| 008 | 090526s2009 fr f p 000 0 fre d | ||
| 015 |
_a00941375 _2bnf |
||
| 016 | 7 |
_aFRBNF414882970000001 _2FrPBN |
|
| 020 | _a9782707616289 (br) | ||
| 020 | _a2707616281 (br) | ||
| 035 | _a(OCoLC)470586305 | ||
| 040 |
_aBDF _encafnor _bfre _cTZ-ArACH _dFRBML |
||
| 041 | _aFre | ||
| 049 | _aTZAA | ||
| 050 |
_aKJV3379 _b.B68 |
||
| 082 | 1 | 4 |
_a344.440 32 _222 |
| 100 | 1 |
_aBorgetto, Michel. _4aut _911978 |
|
| 245 | 1 | 0 |
_aDroit de l'aide et de l'action sociales / _cMichel Borgetto,... Robert Lafore,... |
| 250 | _a7e éd. | ||
| 260 |
_aParis : _bMontchrestien-Lextenso éd., _c2009 _e(61-Lonrai : _fNormandie roto impr.) |
||
| 300 |
_a1 vol. (X-740 p.) : _bcouv. ill. ; _c22 cm. |
||
| 490 | 0 | _aDomat droit public | |
| 500 | _aNotes bibliogr. Index. | ||
| 650 | 7 |
_aAide sociale _xDroit _zFrance _y1990-.... _2ram _911979 |
|
| 650 | 4 |
_aAide sociale _xDroit _zFrance _xManuels d'enseignement supérieur. _911980 |
|
| 650 | 4 |
_aAction sociale _xDroit _zFrance _xManuels d'enseignement supérieur. _911981 |
|
| 650 | 4 |
_aSocial legislation _zFrance. _911982 |
|
| 650 | 4 |
_aPublic welfare _xLaw and legislation _zFrance. _911983 |
|
| 650 | 4 |
_aSocial security _xLaw and legislation _zFrance. _911984 |
|
| 700 | 1 |
_aLafore, Robert, _d1951-.... _4aut _911985 |
|
| 760 | 0 |
_tDomat droit public, _d2009 _x0986-5187 _w(FrPBN)34247295 |
|
| 856 | 4 | 2 |
_3Notice et cote du catalogue de la Bibliothèque nationale de France _uhttp://catalogue.bnf.fr/ark:/12148/cb41488297n |
| 886 | 1 |
_2intermrc _a009 _ba--dh-us----------- |
|
| 886 | 2 |
_2intermrc _a680 _b0- _a340 _b340 |
|
| 942 |
_2lcc _cBOOK |
||
| 999 |
_c2679 _d2679 |
||